Using Portfolio Theory in the Second Pension Pillar in Slovakia – Searching for an Efficient Set of Portfolios

Analýza možností vytvárania portfólia rôznych fondov v slovenských penzijných správcovských spoločnostiach a porovnanie rizika a ziskovosti jednotlivých portfólií.

Salvato in:
Dettagli Bibliografici
Autore principale: Dluhoš, Martin, 1991-
Natura: Capitolo di libro
Lingua:inglese
Soggetti:
Tags: Aggiungi Tag
Nessun Tag, puoi essere il primo ad aggiungerne!!

MARC

LEADER 00000naa a2200000 4500
001 0233977
005 20240502073810.0
041 0 |a eng 
044 |a SK 
245 1 0 |a Using Portfolio Theory in the Second Pension Pillar in Slovakia – Searching for an Efficient Set of Portfolios  |c Martin Dluhoš 
520 |a Analýza možností vytvárania portfólia rôznych fondov v slovenských penzijných správcovských spoločnostiach a porovnanie rizika a ziskovosti jednotlivých portfólií. 
610 2 0 |a Slovensko 
610 2 0 |a fondy penzijné 
610 2 0 |a portfólio 
610 2 0 |a riziko finančné 
610 2 0 |a efektívnosť ekonomická 
610 2 0 |a spoločnosti správcovské dôchodkové 
100 1 |a Dluhoš, Martin, 1991-